000 00482nam a2200169Ia 4500
999 _c26802
_d26802
003 OSt
005 20201209143350.0
008 190216s9999||||xx |||||||||||||| ||und||
040 _coclc
082 _a894.8124
_bGAR/G
100 _aGarodi, Raja
_97126
245 0 _aGarodiyude Lekhanangal /
_cRaja Garodi
260 _bYuvatha Book House,
_c1992.
_aKozhikode:
300 _a64p
650 _aLekhanam
942 _cBK
_2ddc
_h894.8124
_iGAR/G
_k894.8124
_mGAR/G